[Event "C.to Regionale Lombardia"]
[Site "Solaro ITA"]
[Date "2011.05.29"]
[Round "4"]
[White "Tagliaferri, Valerio"]
[Black "Gonella, Daniele"]
[Result "0-1"]
[WhiteElo "1869"]
[BlackElo "2022"]
[PlyCount "114"]
[EventDate "2011.05.27"]

1. c4 e5 2. Nc3 Nf6 3. g3 Be7 4. Bg2 O-O 5. d3 c6 6. e4 d6 7. Nge2 a6 8. a4 b6
9. O-O Nbd7 10. h3 Rb8 11. Be3 Bb7 12. d4 Ne8 13. Qc2 Qc7 14. Rac1 a5 15. Rfd1
Rd8 16. d5 c5 17. g4 Bh4 18. Ng3 Bxg3 19. fxg3 Nb8 20. Rf1 Na6 21. Rf2 Nb4 22.
Qd2 Qe7 23. Rcf1 Bc8 24. Bg5 f6 25. Bh4 h6 26. g5 hxg5 27. Bxg5 Nc7 28. Be3 Qf7
29. g4 Qg6 30. Ne2 Kf7 31. Ng3 Ke7 32. g5 Rh8 33. Nf5+ Bxf5 34. Rxf5 Rdf8 35.
gxf6+ gxf6 36. Kh2 Ne8 37. Rg1 Ng7 38. Rf2 Qh7 39. Qe2 f5 40. Bg5+ Ke8 41. Rgf1
Qh5 42. Qxh5+ Rxh5 43. h4 Rfh8 44. Kg3 f4+ 45. Kf3 Kf7 46. Rh1 Na6 47. Bh3 Nc7
48. Bg4 Rxg5 49. Rfh2 Rg6 50. h5 Rgh6 51. Kf2 Nce8 52. b3 Nf6 53. Kf3 Nxg4 54.
Kxg4 Rxh5 55. Rxh5 Rxh5 56. Rf1 Kg6 57. Rg1 Rg5+ 0-1

[Event "C.to Regionale Lombardia"]
[Site "Solaro ITA"]
[Date "2011.05.29"]
[Round "4"]
[White "Tarelli, Daniele"]
[Black "Miracola, Massimiliano"]
[Result "1/2-1/2"]
[WhiteElo "1596"]
[BlackElo "1970"]
[PlyCount "55"]
[EventDate "2011.05.27"]

1. e4 c5 2. Nf3 d6 3. d4 cxd4 4. Nxd4 Nf6 5. Nc3 g6 6. Be3 Bg7 7. f3 Nc6 8. Qd2
O-O 9. O-O-O d5 10. exd5 Nxd5 11. Nxc6 bxc6 12. Bd4 Nxc3 13. Qxc3 Bh6+ 14. Be3
Bxe3+ 15. Qxe3 Qb6 16. Qxe7 Be6 17. b3 Rad8 18. Rxd8 Rxd8 19. Bd3 Qe3+ 20. Kb1
Rxd3 21. cxd3 Qxd3+ 22. Kb2 Qd2+ 23. Ka3 Qa5+ 24. Kb2 Qe5+ 25. Ka3 Qa5+ 26. Kb2
Qd2+ 27. Ka3 Qa5+ 28. Kb2 1/2-1/2

[Event "C.to Regionale Lombardia"]
[Site "Solaro ITA"]
[Date "2011.05.29"]
[Round "4"]
[White "Villa, Giorgio"]
[Black "Lapiccirella, Daniele"]
[Result "1/2-1/2"]
[WhiteElo "1846"]
[BlackElo "2236"]
[PlyCount "28"]
[EventDate "2011.05.27"]

1. d4 d5 2. Nf3 Nf6 3. c4 c6 4. e3 e6 5. Bd3 Nbd7 6. O-O Bd6 7. Nbd2 O-O 8. e4
e5 9. cxd5 cxd5 10. Re1 Qc7 11. exd5 exd4 12. Ne4 Nxd5 13. Nxd6 Qxd6 14. Nxd4
N7f6 1/2-1/2

[Event "C.to Regionale Lombardia"]
[Site "Solaro ITA"]
[Date "2011.05.29"]
[Round "4"]
[White "Vitale, Aurora"]
[Black "Scotti, Luigi"]
[Result "0-1"]
[WhiteElo "1416"]
[BlackElo "1535"]
[PlyCount "100"]
[EventDate "2011.05.27"]

1. e4 d6 2. Nf3 Nf6 3. Nc3 g6 4. Bc4 Bg7 5. O-O O-O 6. d4 c6 7. Be3 Nbd7 8. Qd2
e5 9. Rad1 Ng4 10. Bg5 Ngf6 11. d5 c5 12. Nb5 Nb6 13. Bd3 a6 14. Nc3 Bg4 15.
Be2 Qc7 16. h3 Bxf3 17. Bxf3 Nc4 18. Qc1 b5 19. b3 Nb6 20. a3 b4 21. axb4 cxb4
22. Na4 Nxa4 23. bxa4 Qc4 24. Rfe1 Rfc8 25. Re2 a5 26. Qb2 h6 27. Bc1 Nd7 28.
Qb3 Nb6 29. Be3 Rab8 30. Qxc4 Rxc4 31. Ra1 Nxd5 32. exd5 e4 33. Rd1 exf3 34.
gxf3 Rbc8 35. Rdd2 h5 36. Bf4 Rxf4 37. Kg2 Rfc4 38. Kg3 Bh6 39. Rd3 Rxc2 40.
Re7 R2c7 41. Rxc7 Rxc7 42. Rd4 b3 43. Rd1 b2 44. Rb1 Bc1 45. Kg2 Rc4 46. Kf1
Rxa4 47. Kg2 Ra1 48. Rxa1 bxa1=Q 49. h4 Bf4 50. Kh3 Qh1# 0-1

[Event "C.to Regionale Lombardia"]
[Site "Solaro ITA"]
[Date "2011.05.29"]
[Round "5"]
[White "Aldeghi, Damiano"]
[Black "Vergano, Riccardo"]
[Result "1-0"]
[WhiteElo "1416"]
[BlackElo "1441"]
[PlyCount "51"]
[EventDate "2011.05.27"]

1. e4 c5 2. Nf3 d6 3. Bb5+ Nc6 4. O-O Bg4 5. Bxc6+ bxc6 6. h3 Bd7 7. d3 e5 8.
Nc3 Nf6 9. Re1 Be7 10. b3 O-O 11. Ba3 d5 12. Nxe5 Bd6 13. Nxd7 Nxd7 14. exd5
Be5 15. Bb2 cxd5 16. Na4 d4 17. c3 f5 18. Nxc5 dxc3 19. Ba3 Nxc5 20. Rxe5 Qd4
21. Rxc5 c2 22. Rxc2 Rfe8 23. Bb2 Qh4 24. Rc4 Qg5 25. Qf3 Re6 26. Qxa8+ 1-0

[Event "C.to Regionale Lombardia"]
[Site "Solaro ITA"]
[Date "2011.05.29"]
[Round "5"]
[White "Bellia, Fabrizio"]
[Black "Villa, Giorgio"]
[Result "1-0"]
[WhiteElo "2415"]
[BlackElo "1846"]
[PlyCount "51"]
[EventDate "2011.05.27"]

1. e4 c5 2. Nf3 e6 3. d4 cxd4 4. Nxd4 Nf6 5. Nc3 d6 6. Be2 Be7 7. O-O a6 8. f4
Nc6 9. Be3 O-O 10. Qe1 Qc7 11. Qg3 Nxd4 12. Bxd4 b5 13. a3 Bb7 14. Rae1 Rfd8
15. Kh1 Rac8 16. Bd3 d5 17. exd5 Bxd5 18. Be5 Qb6 19. f5 Kh8 20. fxe6 Bxe6 21.
Qh4 h6 22. Bxf6 Bxf6 23. Rxf6 Rxd3 24. cxd3 gxf6 25. Qxh6+ Kg8 26. Ne4 1-0

[Event "C.to Regionale Lombardia"]
[Site "Solaro ITA"]
[Date "2011.05.29"]
[Round "5"]
[White "Cervini, Gian Piero"]
[Black "Petrone, Gianmario"]
[Result "0-1"]
[WhiteElo "1752"]
[BlackElo "1853"]
[PlyCount "64"]
[EventDate "2011.05.27"]

1. e4 c5 2. c3 Nf6 3. e5 Nd5 4. Nf3 Nc6 5. d4 cxd4 6. cxd4 d6 7. Bc4 Nb6 8. Bb5
dxe5 9. Nxe5 Bd7 10. Bxc6 Bxc6 11. Nxc6 bxc6 12. Nc3 g6 13. Qf3 Qd7 14. Be3 Bg7
15. Rd1 Rd8 16. O-O O-O 17. Rd3 Nc4 18. Qe2 Nxe3 19. fxe3 e6 20. Ne4 Qe7 21.
Rc1 e5 22. dxe5 Qxe5 23. Nc3 Qa5 24. a3 Rxd3 25. Qxd3 Bh6 26. Ne4 Bg7 27. b4
Qd5 28. Qc4 Re8 29. Ng3 Rxe3 30. Qxc6 Re1+ 31. Kf2 Qd2+ 32. Kf3 Qxc1 0-1

[Event "C.to Regionale Lombardia"]
[Site "Solaro ITA"]
[Date "2011.05.29"]
[Round "5"]
[White "Coppola, Federico"]
[Black "Sirletti, Sonia"]
[Result "0-1"]
[WhiteElo "1746"]
[BlackElo "1959"]
[PlyCount "46"]
[EventDate "2011.05.27"]

1. e4 d6 2. d4 Nf6 3. Nc3 Nbd7 4. f4 e5 5. Nf3 exd4 6. Nxd4 Nc5 7. Bd3 c6 8.
O-O Be7 9. Kh1 O-O 10. h3 Qb6 11. Nb3 Nxd3 12. Qxd3 Qc7 13. Be3 b5 14. a3 a5
15. e5 dxe5 16. Qe2 Ba6 17. Qe1 b4 18. Ne2 Nd5 19. Bd2 Nxf4 20. Bxf4 exf4 21.
Nbc1 bxa3 22. bxa3 Rfe8 23. Rxf4 Bg5 0-1

[Event "C.to Regionale Lombardia"]
[Site "Solaro ITA"]
[Date "2011.05.29"]
[Round "5"]
[White "Falchi, Claudio"]
[Black "Biava, Pierluigi"]
[Result "1/2-1/2"]
[WhiteElo "1750"]
[BlackElo "1700"]
[PlyCount "99"]
[EventDate "2011.05.27"]

1. e4 e5 2. Nf3 Nc6 3. Bb5 a6 4. Bxc6 dxc6 5. d4 exd4 6. Qxd4 Qxd4 7. Nxd4 f6
8. Nc3 Bb4 9. Bd2 Bd7 10. O-O-O O-O-O 11. Nce2 Bd6 12. Bf4 c5 13. Nb3 Bb5 14.
Rde1 Bxe2 15. Bxd6 cxd6 16. Rxe2 Ne7 17. Rd1 Nc6 18. c3 Rd7 19. Red2 Rhd8 20.
Rd5 b5 21. Na1 Kc7 22. Nc2 Re8 23. f3 Re5 24. Ne3 a5 25. Rxe5 Nxe5 26. Nd5+ Kc6
27. Kc2 c4 28. Rd4 Nd3 29. Ne3 Ne1+ 30. Kd2 Nd3 31. b3 cxb3 32. Kxd3 bxa2 33.
Nc2 d5 34. Na1 g6 35. Kc2 dxe4 36. Rxd7 Kxd7 37. fxe4 Ke6 38. Kd3 Ke5 39. Nb3
h5 40. g3 g5 41. Na1 f5 42. exf5 Kxf5 43. h3 h4 44. gxh4 gxh4 45. Ke3 Ke5 46.
Nc2 b4 47. cxb4 axb4 48. Na1 Kd5 49. Kd3 Ke5 50. Ke3 1/2-1/2

[Event "C.to Regionale Lombardia"]
[Site "Solaro ITA"]
[Date "2011.05.29"]
[Round "5"]
[White "Gonella, Daniele"]
[Black "Tarelli, Daniele"]
[Result "1-0"]
[WhiteElo "2022"]
[BlackElo "1596"]
[PlyCount "93"]
[EventDate "2011.05.27"]

1. e4 c5 2. Nc3 e6 3. g3 d5 4. Bg2 Nf6 5. d3 d4 6. Nce2 e5 7. f4 Nc6 8. Nf3 Bd6
9. h3 Qc7 10. O-O h6 11. Bd2 Nh5 12. Qc1 exf4 13. gxf4 Bd7 14. a3 O-O-O 15. b4
Kb8 16. Rb1 cxb4 17. axb4 Qc8 18. b5 Ne7 19. e5 Bc5 20. Kh2 f6 21. exf6 gxf6
22. Nfxd4 Rhg8 23. Rf3 Rg7 24. Be3 Rdg8 25. Rf2 Rxg2+ 26. Rxg2 Rxg2+ 27. Kxg2
Bxh3+ 28. Kf2 Qg4 29. Qg1 Qh4+ 30. Kf3 f5 31. Nc6+ Nxc6 32. Bxc5 Bg4+ 33. Ke3
Qd8 34. Kd2 Qa5+ 35. Nc3 Nd8 36. Qd4 Kc8 37. b6 Ne6 38. Qd6 Nhxf4 39. bxa7 Nc7
40. Bb6 Qxc3+ 41. Kxc3 Nfd5+ 42. Kd2 Nxb6 43. Qxb6 Bf3 44. Qxh6 b5 45. Qb6 Bb7
46. Rg1 Bd5 47. Rg7 1-0

[Event "C.to Regionale Lombardia"]
[Site "Solaro ITA"]
[Date "2011.05.29"]
[Round "5"]
[White "Greco, Umberto"]
[Black "Regorda, Vittorio"]
[Result "0-1"]
[WhiteElo "1702"]
[BlackElo "1877"]
[PlyCount "90"]
[EventDate "2011.05.27"]

1. c4 Nf6 2. Nc3 c6 3. Nf3 d5 4. cxd5 cxd5 5. d4 Nc6 6. Bf4 a6 7. a3 e6 8. h3
Bd6 9. Bxd6 Qxd6 10. e3 O-O 11. Bd3 b5 12. b4 Bb7 13. Nd2 e5 14. Ne2 exd4 15.
exd4 Rfe8 16. Nb3 Rad8 17. O-O Ne4 18. Nc5 Bc8 19. f3 Ng5 20. Qd2 Qh6 21. Ra2
Qh4 22. Qe1 Qxe1 23. Rxe1 Nxd4 24. Kf2 Nde6 25. Nxe6 Nxe6 26. Rc2 g6 27. Rec1
Bb7 28. Rc3 Rc8 29. Rxc8 Rxc8 30. Rxc8+ Bxc8 31. Ke3 Kg7 32. Nd4 Bb7 33. Nxe6+
fxe6 34. f4 d4+ 35. Kf2 Kf6 36. g3 h6 37. g4 g5 38. f5 e5 39. Bf1 e4 40. Ke2 h5
41. Kd2 h4 42. Ke1 Ke5 43. Kd2 Bd5 44. Bg2 e3+ 45. Ke1 Bxg2 0-1

[Event "C.to Regionale Lombardia"]
[Site "Solaro ITA"]
[Date "2011.05.29"]
[Round "5"]
[White "Guerini, Sara"]
[Black "Tagliaferri, Valerio"]
[Result "1/2-1/2"]
[WhiteElo "1603"]
[BlackElo "1869"]
[PlyCount "117"]
[EventDate "2011.05.27"]

1. e4 e5 2. Nc3 Nf6 3. g3 Bc5 4. Bg2 d6 5. h3 Be6 6. Nge2 Qd7 7. d3 a6 8. Be3
Bxe3 9. fxe3 O-O 10. d4 c6 11. g4 Bc4 12. Ng3 a5 13. d5 c5 14. g5 Ne8 15. h4 b6
16. Bh3 Qd8 17. Qg4 Ba6 18. Nf5 Ra7 19. Rg1 b5 20. Ne2 a4 21. c3 b4 22. cxb4
cxb4 23. b3 axb3 24. axb3 Rc7 25. Bg2 Rc2 26. Bf3 Qc7 27. Kf2 Kh8 28. h5 f6 29.
gxf6 Nxf6 30. Qxg7+ Qxg7 31. Nxg7 Nxe4+ 32. Kg2 Bxe2 33. Bxe2 Rxe2+ 34. Kh1
Rff2 35. Rg4 Rxe3 36. Rc1 Ng3+ 37. Kg1 Rf8 38. Ne6 Ne2+ 39. Kh1 Nxc1 40. Nxf8
Rxb3 41. Rc4 Kg7 42. Ne6+ Kh6 43. Rxc1 Kxh5 44. Rc7 Kg6 45. Rb7 Na6 46. Rb6 Ra3
47. Rxd6 Kf5 48. Rb6 e4 49. Nd4+ Ke5 50. d6 Nc5 51. Rxb4 Ra1+ 52. Kg2 Kxd6 53.
Nb5+ Ke5 54. Nc3 Ra3 55. Rc4 Ra5 56. Kg3 Kf5 57. Rd4 Ke6 58. Nxe4 Nxe4+ 59.
Rxe4+ 1/2-1/2

[Event "C.to Regionale Lombardia"]
[Site "Solaro ITA"]
[Date "2011.05.28"]
[Round "5"]
[White "Guerini, Silvia jr"]
[Black "Bernasconi, Roberto"]
[Result "1/2-1/2"]
[WhiteElo "1690"]
[BlackElo "1934"]
[PlyCount "85"]
[EventDate "2011.05.27"]

1. e4 e5 2. Nf3 Nf6 3. Nxe5 d6 4. Nf3 Nxe4 5. d3 Nf6 6. Nc3 Be7 7. Be2 O-O 8.
O-O Re8 9. b3 h6 10. Bb2 Nc6 11. Re1 d5 12. d4 Bf5 13. Bd3 Bg4 14. Be2 Bb4 15.
Rf1 a6 16. a3 Bd6 17. Re1 Qd7 18. Na4 Ne4 19. Nd2 Bxe2 20. Rxe2 Qf5 21. Nf3 Re6
22. Qd3 Qh5 23. h3 Rae8 24. Nc3 Nxc3 25. Rxe6 Rxe6 26. Bxc3 Ne7 27. Bd2 c6 28.
b4 g5 29. Re1 Rxe1+ 30. Bxe1 Qg6 31. Qxg6+ Nxg6 32. g3 f6 33. Kg2 Kf7 34. Nd2
b5 35. Nb3 Ke6 36. Kf3 h5 37. Na5 Ne7 38. Bd2 Kd7 39. c3 Nc8 40. Ke3 Bc7 41.
Nb3 Bd6 42. Na5 Bc7 43. Nb3 1/2-1/2

[Event "C.to Regionale Lombardia"]
[Site "Solaro ITA"]
[Date "2011.05.29"]
[Round "5"]
[White "Lamera, Giuseppe"]
[Black "Bertamini, Alberto"]
[Result "1/2-1/2"]
[WhiteElo "1462"]
[BlackElo "1671"]
[PlyCount "83"]
[EventDate "2011.05.27"]

1. e4 c5 2. Nf3 e6 3. d4 cxd4 4. Nxd4 Nf6 5. Bd3 Qb6 6. c3 Bc5 7. Nd2 Bxd4 8.
cxd4 Qxd4 9. Nb3 Qa4 10. f3 d6 11. O-O Bd7 12. Qe2 Bc6 13. Be3 Nbd7 14. Nd4 Ne5
15. b3 Qa5 16. Bb5 Rc8 17. h3 a6 18. Bxc6+ Nxc6 19. Rfc1 O-O 20. Nxc6 Rxc6 21.
Rxc6 bxc6 22. Qf2 Nd7 23. Qg3 Qc3 24. Re1 d5 25. exd5 cxd5 26. Qf2 Qf6 27. Rc1
e5 28. Qd2 d4 29. Bg5 Qb6 30. Kh1 f6 31. Bh4 h6 32. Qd3 Qe6 33. Bf2 Qd6 34. Be1
Kh8 35. Bd2 f5 36. Qc4 Qf6 37. Qc6 Qxc6 38. Rxc6 Rf6 39. Rc7 Rd6 40. Bb4 Rd5
41. Ra7 Rb5 42. a3 1/2-1/2

[Event "C.to Regionale Lombardia"]
[Site "Solaro ITA"]
[Date "2011.05.29"]
[Round "5"]
[White "Lapiccirella, Daniele"]
[Black "Borgo, Giulio"]
[Result "1/2-1/2"]
[WhiteElo "2236"]
[BlackElo "2399"]
[PlyCount "45"]
[EventDate "2011.05.27"]

1. d4 d5 2. c4 dxc4 3. Nf3 c5 4. e4 cxd4 5. Qxd4 Qxd4 6. Nxd4 Bd7 7. Bxc4 Nc6
8. Nxc6 Bxc6 9. f3 Rc8 10. O-O e6 11. Be3 Bxe4 12. Bxe6 fxe6 13. fxe4 Bc5 14.
Bxc5 Rxc5 15. Na3 Ne7 16. b4 Rc6 17. Rad1 Ng6 18. Nb5 Ke7 19. Nxa7 Ra6 20. Nb5
Rc8 21. a3 Rb6 22. Nd4 Rd6 23. Nb5 1/2-1/2

[Event "C.to Regionale Lombardia"]
[Site "Solaro ITA"]
[Date "2011.05.29"]
[Round "5"]
[White "Maccarini, Luca Nicola"]
[Black "Sala, Giovanni"]
[Result "0-1"]
[WhiteElo "1937"]
[BlackElo "1969"]
[PlyCount "58"]
[EventDate "2011.05.27"]

1. d4 f5 2. Bg5 Nf6 3. Bxf6 exf6 4. e3 d5 5. Nh3 c6 6. Nf4 g6 7. Nd2 Bd6 8. Nd3
Be6 9. Nb3 Nd7 10. c3 b6 11. Be2 Qc7 12. Rc1 O-O 13. Bf3 Rae8 14. g3 g5 15. Nd2
f4 16. gxf4 gxf4 17. e4 dxe4 18. Bxe4 f5 19. Bf3 Bc4+ 20. Ne5 Nxe5 21. dxe5
Rxe5+ 22. Be4 Bd5 23. Rg1+ Kh8 24. c4 Bxe4 25. Nxe4 Rxe4+ 26. Kf1 Qe7 27. Rc3
Bb4 28. f3 Re5 29. Qd4 Bc5 0-1

[Event "C.to Regionale Lombardia"]
[Site "Solaro ITA"]
[Date "2011.05.29"]
[Round "5"]
[White "Marchini, Daniele"]
[Black "Monticelli, Francesco"]
[Result "0-1"]
[WhiteElo "1799"]
[BlackElo "1667"]
[PlyCount "108"]
[EventDate "2011.05.27"]

1. d4 Nf6 2. c4 e5 3. dxe5 Ng4 4. Nc3 Bc5 5. Ne4 Bb4+ 6. Bd2 Bxd2+ 7. Nxd2 Nxe5
8. e3 b6 9. Ngf3 Nbc6 10. Be2 Bb7 11. O-O Qe7 12. a3 a5 13. Qc2 O-O 14. Nb3 d6
15. Rad1 Rad8 16. Nbd4 Nxd4 17. Nxd4 Qg5 18. g3 Qf6 19. f4 Nd7 20. Bf3 Bxf3 21.
Rxf3 Rfe8 22. g4 h6 23. g5 hxg5 24. Rh3 g6 25. fxg5 Qxg5+ 26. Rg3 Qh5 27. Rf1
Ne5 28. Rf5 Qh6 29. Qe2 Kf8 30. Rf6 c5 31. Nb5 Re6 32. Qf1 Ke7 33. Nc7 Rxf6 34.
Nd5+ Ke8 35. Nxf6+ Kf8 36. Rh3 Qg5+ 37. Kh1 Qf5 38. Qxf5 gxf5 39. Rh8+ Ke7 40.
Nd5+ Kd7 41. Nxb6+ Kc7 42. Nd5+ Kd7 43. Rh4 Rb8 44. Rf4 Rxb2 45. h4 Ng6 46.
Rxf5 Nxh4 47. Rxf7+ Ke6 48. Re7+ Kf5 49. e4+ Kg4 50. Re6 Rb1+ 51. Kh2 Nf3+ 52.
Kg2 Rb2+ 53. Kf1 Rb1+ 54. Ke2 Nd4+ 0-1

[Event "C.to Regionale Lombardia"]
[Site "Solaro ITA"]
[Date "2011.05.29"]
[Round "5"]
[White "Miracola, Giorgia"]
[Black "Canciani, Alberto"]
[Result "1-0"]
[WhiteElo "1753"]
[BlackElo "1587"]
[PlyCount "107"]
[EventDate "2011.05.27"]

1. e4 e6 2. d4 c5 3. d5 e5 4. Nc3 d6 5. Nf3 h6 6. Be3 Nf6 7. Be2 Nbd7 8. O-O g5
9. Nd2 a6 10. a4 Bg7 11. Nc4 Nf8 12. a5 Ng6 13. Nb6 Rb8 14. Bd3 O-O 15. Ne2 Nf4
16. Ng3 Nxd3 17. Qxd3 Nd7 18. Nxc8 Qxc8 19. Nf5 Qc7 20. Qd2 f6 21. g3 Rf7 22.
f4 Bf8 23. fxg5 hxg5 24. Rf2 b5 25. Raf1 c4 26. Bxg5 Nc5 27. Qe3 fxg5 28. Qxg5+
Rg7 29. Nxg7 Qxg7 30. Qe3 Be7 31. Rf5 Rf8 32. Rxf8+ Bxf8 33. Rf5 Be7 34. Kf2
Qg4 35. Qf3 Nxe4+ 36. Ke3 Qxf3+ 37. Kxf3 Nf6 38. h4 Nxd5 39. h5 Kg7 40. g4 Nf4
41. Ke4 Bd8 42. b3 Bxa5 43. Rg5+ Kh6 44. Rg8 Bc3 45. Rd8 d5+ 46. Kf5 cxb3 47.
cxb3 Kg7 48. Rd6 a5 49. h6+ Kg8 50. g5 a4 51. bxa4 bxa4 52. Ra6 d4 53. g6 d3
54. Ra8# 1-0

[Event "C.to Regionale Lombardia"]
[Site "Solaro ITA"]
[Date "2011.05.29"]
[Round "5"]
[White "Miracola, Massimiliano"]
[Black "Rettore, Ludwig"]
[Result "1-0"]
[WhiteElo "1970"]
[BlackElo "2163"]
[PlyCount "81"]
[EventDate "2011.05.27"]

1. e4 c5 2. Nf3 e6 3. d4 cxd4 4. Nxd4 Nc6 5. Nc3 d6 6. Be2 Nf6 7. O-O Be7 8.
Kh1 O-O 9. f4 a6 10. a4 Qc7 11. Be3 Re8 12. Bf3 Rb8 13. g4 Na5 14. g5 Nd7 15.
Bg2 Nc4 16. Bc1 Bf8 17. b3 Ne3 18. Bxe3 Qxc3 19. Rf3 g6 20. Bg1 Qc7 21. Rh3 b6
22. Qe1 Bg7 23. Rc3 Qd8 24. Nc6 Bxc3 25. Qxc3 Bb7 26. Nxd8 Rexd8 27. Qh3 Rbc8
28. c4 Nc5 29. Re1 Rc7 30. Bd4 e5 31. Bxc5 dxc5 32. f5 Rcd7 33. f6 h5 34. Qg3
Rd1 35. Rg1 Bc8 36. Qxe5 Be6 37. Rxd1 Rxd1+ 38. Bf1 Kh7 39. Kg2 Rd2+ 40. Kf3
Rd8 41. Qc7 1-0

[Event "C.to Regionale Lombardia"]
[Site "Solaro ITA"]
[Date "2011.05.29"]
[Round "5"]
[White "Mondini, Francesco"]
[Black "Gonella, Graziano"]
[Result "1-0"]
[WhiteElo "1539"]
[BlackElo "1235"]
[PlyCount "41"]
[EventDate "2011.05.27"]

1. e4 Nc6 2. Nf3 e6 3. d4 Be7 4. Nc3 d6 5. Bb5 Bd7 6. O-O a6 7. Ba4 b5 8. Bb3
b4 9. Ne2 e5 10. Bd5 a5 11. dxe5 dxe5 12. Nxe5 Nxe5 13. Bxa8 Qxa8 14. Bf4 Qxe4
15. Bxe5 Qxe5 16. Re1 Qxb2 17. Qd5 Nf6 18. Qa8+ Bc8 19. Qxc8+ Bd8 20. Nd4+ Kf8
21. Qxd8+ 1-0

[Event "C.to Regionale Lombardia"]
[Site "Solaro ITA"]
[Date "2011.05.29"]
[Round "5"]
[White "Moroni, Luca jr"]
[Black "Ferraris, Fulvio"]
[Result "1-0"]
[WhiteElo "1911"]
[BlackElo "1713"]
[PlyCount "83"]
[EventDate "2011.05.27"]

1. e4 e6 2. d4 d5 3. exd5 exd5 4. Bd3 Bd6 5. Nf3 h6 6. O-O Nf6 7. Re1+ Be6 8.
Bf5 Kd7 9. Bxe6+ fxe6 10. Ne5+ Bxe5 11. dxe5 Ne4 12. Rxe4 c6 13. Nc3 Kc7 14.
Rf4 Nd7 15. Qe2 Qe7 16. Bd2 g5 17. Rg4 Raf8 18. g3 Rf5 19. f4 gxf4 20. gxf4 Nc5
21. Kh1 Rhf8 22. Rag1 h5 23. Rg7 R8f7 24. Rxf7 Qxf7 25. b4 Nd7 26. Be3 b6 27.
Qg2 a6 28. Qg7 c5 29. bxc5 bxc5 30. Qxf7 Rxf7 31. Bc1 c4 32. Nxd5+ exd5 33. e6
Re7 34. exd7 Kxd7 35. Rd1 Kc6 36. f5 Rf7 37. Rf1 d4 38. f6 Kd5 39. Bg5 d3 40.
cxd3 cxd3 41. Kg2 Ke4 42. Kg3 1-0

[Event "C.to Regionale Lombardia"]
[Site "Solaro ITA"]
[Date "2011.05.29"]
[Round "5"]
[White "Pelizzola, Danilo"]
[Black "Ronconi, Fausto"]
[Result "1-0"]
[WhiteElo "2040"]
[BlackElo "1754"]
[PlyCount "105"]
[EventDate "2011.05.27"]

1. e4 e6 2. d4 d5 3. exd5 exd5 4. Nf3 Nf6 5. Bd3 Bd6 6. O-O O-O 7. Bg5 Nbd7 8.
c3 c6 9. Qc2 Qc7 10. Nbd2 Bf4 11. Bh4 h6 12. Bg3 Bxg3 13. hxg3 Ng4 14. Rae1
Ndf6 15. Ne5 Be6 16. Ndf3 Nxe5 17. Nxe5 Ng4 18. Nxg4 Bxg4 19. Re3 Rfe8 20. Rfe1
Bd7 21. Qe2 Kf8 22. Qf3 Rxe3 23. Rxe3 Re8 24. Rxe8+ Kxe8 25. Bc2 Be6 26. Qd3 g6
27. Qe3 g5 28. f4 Qe7 29. Qe5 gxf4 30. Qb8+ Qd8 31. Qxf4 Qg5 32. Kf2 Qxf4+ 33.
gxf4 Bg4 34. b4 Ke7 35. a4 Kd6 36. Ke3 b6 37. a5 bxa5 38. bxa5 c5 39. Kd2 f6
40. Kc1 cxd4 41. cxd4 Be2 42. Kd2 Bb5 43. Bb3 Bc4 44. Bxc4 dxc4 45. Kc3 Kd5 46.
g4 f5 47. g5 hxg5 48. fxg5 f4 49. g6 Ke6 50. d5+ Kf6 51. d6 f3 52. d7 Ke7 53.
g7 1-0

[Event "C.to Regionale Lombardia"]
[Site "Solaro ITA"]
[Date "2011.05.29"]
[Round "5"]
[White "Puppi, Simone"]
[Black "Brigatti, Lorenzo"]
[Result "0-1"]
[WhiteElo "1362"]
[BlackElo "1841"]
[PlyCount "126"]
[EventDate "2011.05.27"]

1. e4 c5 2. Nf3 d6 3. d4 cxd4 4. Nxd4 Nf6 5. Nc3 g6 6. Be3 Bg7 7. Be2 Nc6 8.
O-O O-O 9. a4 d5 10. Bf3 dxe4 11. Nxc6 bxc6 12. Qxd8 Rxd8 13. Nxe4 Nd5 14. c3
Nxe3 15. fxe3 Be6 16. Rfd1 Bd5 17. Rd3 Bc4 18. Rxd8+ Rxd8 19. Rd1 Rxd1+ 20.
Bxd1 f5 21. Nc5 Be5 22. Bb3 Bxb3 23. Nxb3 Bc7 24. g3 e5 25. Kf2 Kf7 26. Ke2 Ke6
27. c4 Kd6 28. Kd3 Bd8 29. Ke2 g5 30. Kf3 e4+ 31. Ke2 c5 32. Nd2 Bf6 33. b3 Bc3
34. Nf1 Ke5 35. h3 h5 36. g4 hxg4 37. hxg4 f4 38. exf4+ gxf4 39. Kf2 e3+ 40.
Ke2 Ke4 41. Nh2 Ba5 42. Nf3 Bd8 43. g5 Kf5 44. g6 Bf6 45. Kd3 a5 46. Ne1 Kxg6
47. Ke4 Kg5 48. Kd5 Kg4 49. Ke4 Bc3 50. Ng2 e2 51. Kd5 e1=Q 52. Nxe1 Bxe1 53.
Kxc5 f3 54. Kb5 f2 55. c5 f1=Q+ 56. Kb6 Qf8 57. c6 Qc8 58. Kb5 Kf5 59. Kc5 Ke5
60. Kb6 Kd6 61. b4 Qxc6+ 62. Kxa5 Qc5+ 63. Ka6 Qxb4 0-1

[Event "C.to Regionale Lombardia"]
[Site "Solaro ITA"]
[Date "2011.05.29"]
[Round "5"]
[White "Revinelli, Sergio"]
[Black "Brioschi, Camillo"]
[Result "1/2-1/2"]
[WhiteElo "1871"]
[BlackElo "1819"]
[PlyCount "102"]
[EventDate "2011.05.27"]

1. e4 e5 2. Nf3 Nc6 3. Bc4 Nf6 4. Ng5 d5 5. exd5 Na5 6. Bb5+ c6 7. dxc6 bxc6 8.
Be2 h6 9. Nf3 e4 10. Ne5 Bd6 11. d4 exd3 12. Nxd3 Qc7 13. b3 O-O 14. h3 Be6 15.
O-O Rad8 16. Bb2 Nd5 17. c4 Nf4 18. Nxf4 Bxf4 19. Qc2 Qe7 20. Qc3 Qg5 21. h4
Qf6 22. Qxf6 gxf6 23. Bxf6 Rd7 24. g3 Bd6 25. Rd1 Nb7 26. Nc3 Rc7 27. Ne4 Be7
28. Bxe7 Rxe7 29. Bf3 Kg7 30. Nd6 Nxd6 31. Rxd6 c5 32. Rad1 Rc8 33. R1d2 Rcc7
34. Kg2 a5 35. Rc6 a4 36. Rdd6 axb3 37. axb3 Bf5 38. Rxc7 Rxc7 39. Rc6 Rxc6 40.
Bxc6 Bc2 41. Ba4 Kf6 42. Kf3 Ke5 43. Ke3 h5 44. Kd2 Bg6 45. Bc6 Kd4 46. Bf3 f6
47. Bd1 Bf7 48. f3 f5 49. Bc2 Be6 50. Bd1 Bd7 51. Be2 Be6 1/2-1/2

[Event "C.to Regionale Lombardia"]
[Site "Solaro ITA"]
[Date "2011.05.29"]
[Round "5"]
[White "Scotti, Luigi"]
[Black "Oteri, Aldo"]
[Result "0-1"]
[WhiteElo "1535"]
[BlackElo "1839"]
[PlyCount "56"]
[EventDate "2011.05.27"]

1. e4 e6 2. d3 d5 3. Nd2 c5 4. Ngf3 Nc6 5. g3 Be7 6. Bg2 Bd7 7. O-O h5 8. h4
Nf6 9. e5 Ng4 10. Re1 Qc7 11. Qe2 f6 12. exf6 gxf6 13. Nf1 O-O-O 14. c3 e5 15.
Ne3 e4 16. dxe4 dxe4 17. Nd2 Nxe3 18. Qxe3 f5 19. Nb3 Ne5 20. f3 Nd3 21. Re2
Rhg8 22. f4 Rg7 23. a4 Rdg8 24. Kh2 Rxg3 25. Qxg3 Rxg3 26. Kxg3 Bd6 27. Be3
Bxf4+ 28. Bxf4 Qxf4+ 0-1

[Event "C.to Regionale Lombardia"]
[Site "Solaro ITA"]
[Date "2011.05.29"]
[Round "5"]
[White "Vitale, Alessandro"]
[Black "Barolo, Andrea"]
[Result "0-1"]
[WhiteElo "1566"]
[BlackElo "1964"]
[PlyCount "50"]
[EventDate "2011.05.27"]

1. e4 e5 2. Nf3 Nc6 3. Nc3 Nf6 4. Bc4 Nxe4 5. Nxe4 d5 6. Bd3 dxe4 7. Bxe4 Bd6
8. d3 O-O 9. O-O h6 10. Be3 Be6 11. Ne1 f5 12. Bxc6 bxc6 13. b3 f4 14. Bc1 Qf6
15. Bb2 Qg6 16. Nf3 Bh3 17. Nh4 Qg5 18. Kh1 Qxh4 19. gxh3 Qxh3 20. f3 Rf5 21.
Qe2 Bc5 22. Rfd1 Rd8 23. Qe4 Be3 24. Re1 Rg5 25. Re2 Rd6 0-1

[Event "C.to Regionale Lombardia"]
[Site "Solaro ITA"]
[Date "2011.05.29"]
[Round "5"]
[White "Vitale, Aurora"]
[Black "Molinelli, Luigi"]
[Result "1-0"]
[WhiteElo "1416"]
[BlackElo "1273"]
[PlyCount "79"]
[EventDate "2011.05.27"]

1. e4 c5 2. Nf3 e6 3. Nc3 a6 4. d3 Nc6 5. Be3 d5 6. d4 cxd4 7. Nxd4 Nf6 8. Nxc6
bxc6 9. e5 Nd7 10. f4 Be7 11. Bd3 g6 12. Qf3 O-O 13. Bd4 c5 14. Bf2 Nb6 15. O-O
Rb8 16. Ne2 Bb7 17. Qg4 d4 18. Rad1 Qd7 19. c3 Na4 20. cxd4 cxd4 21. Bxd4 Bc5
22. Bc2 Qb5 23. Bxa4 Bxd4+ 24. Rxd4 Qb6 25. Qg3 Rfd8 26. Rfd1 Bd5 27. Bb3 Bxb3
28. Qxb3 Qa7 29. Qe3 Rdc8 30. Rd8+ Rxd8 31. Rxd8+ Rxd8 32. Qxa7 Rd1+ 33. Kf2
Kg7 34. Qe7 Kg8 35. Nc3 Rd2+ 36. Ke3 Rxg2 37. Na4 h5 38. h4 Kg7 39. Nc5 Kg8 40.
Nd7 1-0